000 03427cam a22006854i 4500
003 PE-LiUPU
005 20250731165614.0
008 150706s2010 mx a rb 000 0 spa d
020 _a9789681863906
035 _a(Sirsi) i9789681863906
035 _a(Sirsi) i9789681863906
040 _aPE-LiUPU
_bspa
_cPE-LiUPU
_erda
049 _aPRUA
082 0 4 _a657.03
_bK72 2010
_221
082 0 4 _a657.03
_bC77 2010
100 1 _aKohler, Eric Louis,
_d1892-1976,
_eautor.
245 1 0 _aDiccionario Kohler para contadores :
_bEspañol-Inglés, Inglés-Español /
_c comp. William W. Cooper, Yuji Ijiri.
250 _a6a edición.
264 1 _aMéxico :
_b Limusa,
_c2010.
300 _a985 páginas :
_bilustraciones ;
_c24 centímetros
336 _atext
_2rdacontent
337 _aunmediated
_2rdamedia
338 _avolume
_2rdacarrier
500 _aTit. orig. : Kohler's dictionary for accountants.
504 _aIncluye bibliografía.
505 0 _aAcerca del autor y los compiladores -- Personajes ilustres en la contabilidad -- Abreviaturas -- Lista alfabética de términos español-inglés -- Lista alfabética de términos inglés-español.
526 _aSEG44
526 _aSEG26
526 _aP151
526 _aP150
526 _aP149
526 _aP146
526 _aP145
526 _aP126
526 _aP125
526 _aP92
526 _aP75
526 _aP74
526 _aP27
526 _aP15
541 _g001-0035697;
541 _g001-000718;
541 _g043-0014561;
650 0 4 _aContabilidad
_vDiccionarios.
700 1 _aCooper, William W.,
_d1914- ,
_ecomp.
_qWilliam Wager
700 1 _aIjiri, Yuji.,
_ecomp.
910 _agl201200814
910 _btqv
_cwelc
_d20170518
942 _2ddc
_cBOOK
949 _aRC 657.03 K72 2010
_wDEWEY
_c1
_i65297
_lRC
_mBUL
_p61.00
_r0
_sY
_tBOOK
_u2015-7-6
_xFCE
_PP08
_0COMPRA
_o.CIRCNOTE. No olvidar cambiar la fecha de devolución!!!!!!!
_o.STAFF. Colección General
949 _aRC 657.03 K72 2010
_wDEWEY
_c2
_i66101
_lRC
_mBUL
_p83.00
_r0
_sY
_tBOOK
_u2015-7-6
_xFCE
_PP08
_0COMPRA
_o.CIRCNOTE. No olvidar cambiar la fecha de devolución!!!!!!!
_o.STAFF. Colección General
949 _a657.03 C77 2010
_wDEWEY
_c1
_iFJ07845
_lCCODEBUJ1
_mBUJ
_p60.00
_r0
_sY
_tBOOK
_u2017-05-18
_xFCE
_PP08
_0COMPRA
_o.STAFF. Colección General Juliaca
994 _aC0
_bPEPRU
596 _a1 2 3
999 _aRC 657.03 K72 2010
_wDEWEY
_c53883
_i65297
_f2021-11-8
_g6
_lRCG
_mBUL
_p61.00
_r1
_sY
_tBOOK
_u2015-7-6
_xBIBLIOTECA
_PP08
_0COMPRA
_o.CIRCNOTE. No olvidar cambiar la fecha de devolución!!!!!!!
_o.STAFF. Colección General
_d53883
999 _aRC 657.03 K72 2010
_wDEWEY
_c2
_i66101
_f2021-11-5
_g6
_lCCODEBUL1
_mBUL
_p83.00
_r0
_sY
_tBOOK
_u2015-7-6
_xFCE
_PP08
_0COMPRA
_o.CIRCNOTE. No olvidar cambiar la fecha de devolución!!!!!!!
_o.STAFF. Colección General
999 _a657.03 K72 2010
_wDEWEY
_c1
_iFT02891
_f2019-2-20
_g1
_lCCODEBUT1
_mBUT
_r0
_sY
_tBOOK
_u2015-9-21
_xFCE
_PP08
_0COMPRA
_o.STAFF. Colección General Tarapoto
999 _a657.03 C77 2010
_wDEWEY
_c1
_iFJ07845
_d2019-4-30
_f2022-1-31
_g4
_lCCODEBUJ1
_mBUJ
_p60.00
_q3
_r0
_sY
_tBOOK
_u2015-12-7
_xFCE
_PP08
_0COMPRA
_o.STAFF. Colección General Juliaca
980 _81
_gALBERTO SANCHEZ Responsable de Automatización